000
00273nam a22001337a 4500
008
181218b xxu||||| |||| 00| 0 eng d
020
_a
9780072123555
041
_a
eng
080
_a
004
100
_a
39
101
_a
SHK
245
_a
LINUX
_c
pERSON.r
942
_2
udc
_c
BK
999
_c
53435
_d
53435